Statistics for Stupid Deaths, Stupid Deaths!

Click here to take the quiz!

General Stats

  • This quiz has been taken 605 times
  • The average score is 5 of 10

Answer Stats

QuestionAnswer% Correct
Aeschylus died when an eagle dropped a tortoise on his head mistaking it for a rock.True
85%
Sigurd The Mighty died when the the teeth of his enemy’s severed head grazed his leg, causing an infection which later killed him.True
78%
Richard The Raker died when he fell into his cesspit and drowned in his own faeces.True
71%
Hans Staininger tripped on his beard while running from a fire which caused him to break his neck and die.True
61%
Milo Of Croton died while trying to cut down a tree with his bare hands. His hand got stuck in the crevice which allowed a pack of wolves to find and kill him.True
55%
Franz Reichelt died when a chunk of the Eiffel Tower impaled him through the stomach.False
53%
Draco died from being smothered by hats and clothes the audience through at him.True
50%
Ivan The Terrible died of a heart attack during a game of chess.False
32%
Hannah Twynnoy teased a bear in chains until she got to close and it killed her.False
30%
Martin Of Aragon supposedly died from laughter while suffering lung problems.False
19%

Score Distribution

Percentile by Number Answered

Percent of People with Each Score

Your Score History

You have not taken this quiz